000 00673nam a2200241Ia 4500
003 OSt
005 20220918213349.0
006 a|||||r|||| 00| 0
007 ta
008 220917b |||||||| |||| 00| 0 eng d
024 _a132,353
037 _cTextual
040 _aARTS
_cARTS
_beng
041 _2eng
_aeng
082 _aX:744:(B281), L6
100 _aWood Douglas
_9126673
245 0 _aForcasting for business
_b methods and applications
260 _aLondon
_bLongman
_c1976
650 _aECONOMICS
700 _a Fildes Robert
_9126674
942 _hX:744:(B281), L6
_cTEXL
_2CC
999 _c255474
_d255474